000 00627nam a2200145Ia 4500
008 090124s9999 xx 000 0 und d
082 _b134186
_a104120
245 _a शोध : अलौकिक विचारांचा नवनिर्मितीचा
250 _a1
260 _bआलेगावकर पद्माकर महादेव
_c2006
300 _a161
630 _a शोध : अलौकिक विचारांचा नवनिर्मितीचा
730 _a शोध : अलौकिक विचारांचा नवनिर्मितीचा
942 _cBOOK
999 _c182044
_d182044